| 000 | 00687cam a2200241u 4500 | ||
|---|---|---|---|
| 001 | 23046 | ||
| 003 | BD-RjUL | ||
| 005 | 20211209000903.0 | ||
| 008 | 140310s1960 pk a 000 0 eng | ||
| 035 | _a(BD-RjUL)23111 | ||
| 040 |
_aDLC _cCarP _dDLC _beng |
||
| 041 | _aeng | ||
| 082 |
_a915.1 _bISD 1960 |
||
| 100 | 1 |
_aIspahani, Mirza Abol Hassan, _d1902- _971078 |
|
| 245 | 1 | 0 |
_a27 days in China _cMirza Abol HassanIspahani |
| 250 | _a[1st ed.] | ||
| 260 |
_aKarachi : _bForward Publications, _c1960. |
||
| 300 |
_a133 p. : _b8 illus. (1 fold. col.) ; _c23 cm. |
||
| 651 | 0 |
_aChina _xDescription and travel. _953592 |
|
| 942 |
_2ddc _cBK |
||
| 999 |
_c23046 _d23046 |
||